书目信息 |
| 题名: |
人类在自然界的位置
|
|
| 作者: | 赫胥黎 著 ;李思文 译 | |
| 分册: | ||
| 出版信息: | 西安 陕西师范大学出版总社 2022.02 |
|
| 页数: | 217页 | |
| 开本: | 24cm | |
| 丛书名: | 思考者 | |
| 单 册: | ||
| 中图分类: | Q981 | |
| 科图分类: | ||
| 主题词: | 古人类学--gu ren lei xue | |
| 电子资源: | ||
| ISBN: | 978-7-5695-2435-2 | |
| 000 | 01473nam 2200301 450 | |
| 001 | 27632 | |
| 005 | 20220921164502.65 | |
| 010 | @a978-7-5695-2435-2@dCNY59.00 | |
| 100 | @a20220209d2022 em y0chiy50 ea | |
| 101 | 1 | @achi@ceng |
| 102 | @aCN@b610000 | |
| 105 | @aa a 000yy | |
| 200 | 1 | @a人类在自然界的位置@Aren lei zai zi ran jie de wei zhi@d= Man's place In nature@f(英) 托马斯·亨利·赫胥黎著@g李思文译@zeng |
| 210 | @a西安@c陕西师范大学出版总社@d2022.02 | |
| 215 | @a217页@c图@d24cm | |
| 225 | 2 | @a思考者@Asi kao zhe@i学术经典系列@v043 |
| 300 | @a新华先锋 | |
| 314 | @a托马斯·亨利·赫胥黎, 英国博物学家、生物学家、教育家。1851年被选为英国皇家学会会员。1883年当选英国皇家学会会长。 | |
| 320 | @a有书目 | |
| 330 | @a本书中从比较解剖学、发生学、古生物学等方面,详细阐述了动物和人类的关系,确定了人类在自然界的位置,首次提出了人猿同祖论。此书是赫胥黎在《物种起源》广受争议的背景下写成。赫胥黎通过梳理类人猿的发现史,比较人类、类人猿和大猩猩在解剖结构和行为习性等,详细讨论了人类和次于人的动物的关系。赫胥黎的立场十分明确,他不仅拥护达尔文的进化理论,而且他毫不犹豫地从中推论,人类正是也只能是进化的产物。 | |
| 410 | 0 | @12001 @a思考者@Asi kao zhe@i学术经典系列@v043 |
| 500 | 10 | @aMan's place In nature@mChinese |
| 606 | 0 | @a古人类学@Agu ren lei xue |
| 690 | @aQ981@v5 | |
| 701 | 1 | @a赫胥黎@Ahe xu li@g(Huxley, Thomas Henry),@f1825-1895@4著 |
| 702 | 0 | @a李思文@Ali si wen@4译 |
| 801 | 0 | @aCN@c20220910 |
| 905 | @a河南城建学院图书馆@dQ981@eH333@f2 | |
| 人类在自然界的位置= Man's place In nature/(英) 托马斯·亨利·赫胥黎著/李思文译.-西安:陕西师范大学出版总社,2022.02 |
| 217页:图;24cm.-(思考者.学术经典系列;043) |
| 新华先锋 |
| ISBN 978-7-5695-2435-2:CNY59.00 |
| 本书中从比较解剖学、发生学、古生物学等方面,详细阐述了动物和人类的关系,确定了人类在自然界的位置,首次提出了人猿同祖论。此书是赫胥黎在《物种起源》广受争议的背景下写成。赫胥黎通过梳理类人猿的发现史,比较人类、类人猿和大猩猩在解剖结构和行为习性等,详细讨论了人类和次于人的动物的关系。赫胥黎的立场十分明确,他不仅拥护达尔文的进化理论,而且他毫不犹豫地从中推论,人类正是也只能是进化的产物。 |
| ● |
| 相关链接 |
|
|
|
正题名:人类在自然界的位置
索取号:Q981/H333
 
预约/预借
| 序号 | 登录号 | 条形码 | 馆藏地/架位号 | 状态 | 备注 |
| 1 | 1579919 | 215799198 | 自科库401/401自科库 38排3列5层/ [索取号:Q981/H333] | 在馆 | |
| 2 | 1579920 | 215799205 | 自科库401/401自科库 38排3列5层/ [索取号:Q981/H333] | 在馆 |